00657nam a22001817a 4500020001800000082001500018100002500033245004800058250001200106260004100118300002600159500002000185650007400205700001900279942000700298999001700305952015300322 a9788120340152 a621.31 CHA aChakrabarti, Abhijit aPower system analysis operation and control a3rd ed. aNew Delhi, IndiabPHI Learningc2010 axxvi, 1270 p.bill. ; aIncludes index. a1. Electric power systems. 2. TECHNOLOGY & ENGINEERING / Electrical. aHalder, Sunita cBK c12507d12507 001040708NFICaCLbCLcGENd2013-12-27eMulti-Line Booksg1037.68l1o621.31 CHApSEECS012867q2019-12-23r2019-11-23s2019-11-23w2014-01-05yBK